| 000 | 00669nam a2200253Ia 4500 | ||
|---|---|---|---|
| 003 | OSt | ||
| 005 | 20221007102330.0 | ||
| 006 | a|||||r|||| 00| 0 | ||
| 007 | ta | ||
| 008 | 221006b |||||||| |||| 00| 0 eng d | ||
| 024 | _a10,069 | ||
| 037 | _cTextual | ||
| 040 |
_aLCO _cLCO _beng |
||
| 041 |
_2eng _aeng |
||
| 082 | _aV1:5, P5 | ||
| 100 |
_aAwasthi Au. _9704425 |
||
| 245 | 0 | _aLaw Relating To Protection Of Human Right | |
| 250 | _a2nd | ||
| 260 |
_aNew _bDelhi Orient publishing Co. India _c2005 |
||
| 300 | _a1632 | ||
| 700 |
_a Kataria Au. _9228677 |
||
| 942 |
_hV1:5, P5 _cTEXL |
||
| 999 |
_c1179632 _d1179632 |
||